=LDR 00000nam 2200000 4500 =001 INLIS000000000046828 =005 20190712092821 =035 ##$$a 0010-051500000000087 =008 190712###########################0###### =082 ##$$a 510 =090 ##$$a 510 sud c =100 ##$$a sudirman =245 1#$$a cerdas aktif matematika untuk smp =260 ##$$a ganeca =300 ##$$a 288 hlm. =850 ##$$a NBPDMAT =020 ##$$a 978-979-571-113-1 =084 ##$$a 510 SUD c =990 ##$$a 0001/BPAP-NTB/20142015 =990 ##$$a 0001/BPAP-NTB/20142015 =990 ##$$a 21407188 =990 ##$$a 0001/BPAP-NTB/20142015